Statistics for Presidents of the Vatican

Click here to take the quiz!

General Stats

  • This quiz has been taken 286 times
  • The average score is 4 of 9

Answer Stats

Years in OfficeAnswer% Correct
1939-1961Nicola Canali
100%
1979-1984Agostino Casaroli
50%
1961-1969Amleto Giovanni Cicognani
50%
1997-2006Edmund Szoka
50%
1969-1979Jean-Marie Villot
50%
1990-1997Rosalio Lara
50%
1984-1990Sebastiano Baggio
50%
2006-2011Giovanni Lajolo
0%
2011-Giuseppe Bertello
0%

Score Distribution

Percentile by Number Answered

Percent of People with Each Score

Your Score History

You have not taken this quiz